Postavenie žien v islame – príklad Turecka diplomová práca

Enregistré dans:
Détails bibliographiques
Auteur principal: Ziffová, Karolína
Collectivité auteur: Fakulta medzinárodných vzťahov EU. Katedra medzinárodných politických vzťahov
Autres auteurs: Čech, Ľubomír, 1955-
Format: Livre
Langue:slovaque
Publié: Bratislava 2019
Tags: Ajouter un tag
Pas de tags, Soyez le premier à ajouter un tag!

MARC

LEADER 00000nbm a2200000 4500
001 0255083
005 20190806134622.1
041 0 |a slo 
044 |a SK 
245 1 0 |a Postavenie žien v islame – príklad Turecka  |b diplomová práca  |c Karolína Ziffová ; školiteľ: Ľubomír Čech 
264 1 |a Bratislava  |c 2019 
300 |a 70 s. 
100 1 |a Ziffová, Karolína 
700 1 |a Čech, Ľubomír, 1955- 
710 2 |a Fakulta medzinárodných vzťahov EU. Katedra medzinárodných politických vzťahov